000 00742nam a2200181Ia 4500
008 090630s9999 xx 000 0 und d
082 _b14940
100 _aप्रा. भावे प्र. र.
245 _aतांत्रकि लेखन.
_cप्रा. भावे प्र. र.
260 _bमहाराष्ट्र विद्यापीठ ग्रंथनिर्मिती मंडळ - नागपूर.
_c1974
300 _a274
600 _aप्रा. भावे प्र. र.
630 _aतांत्रकि लेखन.
655 _aइतर.
700 _aप्रा. भावे प्र. र.
730 _aतांत्रकि लेखन.
942 _cBOOK
999 _c266796
_d266796